00529 a2200133 450000500170000008200160001710000190003324500790005226000460013130000550017794200130023299900130024595201370025820250621101933.0 a331.297 MAU aMAUNDER, W. F. aEmployment in an Underdeveloped Area: A Sample Survey of Kingdom, Jamaica. aNew Haven,bYale University Press,c1960. aviii, 215p.: ill.; tablebIndex & Referencesc22cm 2ddccBKS c494d494 r2025-03-12 13:41:57l0o331.297 MAUp0000001906v30000.00w2025-03-12yBKS102ddc407000aCBEMLbCBEMLcGENd2025-03-12g10000.00